| 000 | 00747 a2200217 4500 | ||
|---|---|---|---|
| 999 |
_c4390 _d4390 |
||
| 010 | _aENG-86293 | ||
| 020 |
_a8175412690 _c650.00 |
||
| 035 | _aEN-69826 | ||
| 037 | _bDBAD / PUB | ||
| 082 | 1 | 4 | _a331.310954 |
| 245 | 1 |
_aGlobalisation, development, and child rights / _cedited by Kailash Satyarthi [and] Bupinder Zutshi |
|
| 260 |
_aDelhi _bShipra Publications _c2006 |
||
| 300 |
_axi, 307 p _bill _c22 cm. (HB) |
||
| 500 | _aIncludes bibliographical references and index | ||
| 520 | _aContributed articles presented earlier at a workshop. | ||
| 650 | 0 |
_aChild labor _zIndia |
|
| 650 | 0 |
_aChildren's rights _zIndia |
|
| 700 | 1 | _aSatyarthi, Kailash. | |
| 700 | 1 | _aZutshi, Bupinder. | |
| 942 |
_adpl _cEN _2ddc _h331.310954 _mGLO |
||